ISO 14001 a klimatické zmeny

Obchodovanie s uhlíkovými emisiami. Systémy environmentálneho manažmentu. Zdravotná prehliadka zmeny klímy. Environmentálna stratégia. Environmentálne aspekty. Operatívna kontrola. Interný audit. Kontrola manažmentu.

Na minha lista:
Detalhes bibliográficos
Autor principal: Gelber, Mattthias
Formato: Capítulo de Livro
Idioma:eslovaco
Assuntos:
Tags: Adicionar Tag
Sem tags, seja o primeiro a adicionar uma tag!

MARC

LEADER 00000naa$a2200000$$$4500
001 0094712
005 20231012070203.8
041 0 |a slo 
044 |a SK 
245 1 0 |a ISO 14001 a klimatické zmeny  |c Mattthias Gelber 
520 |a Obchodovanie s uhlíkovými emisiami. Systémy environmentálneho manažmentu. Zdravotná prehliadka zmeny klímy. Environmentálna stratégia. Environmentálne aspekty. Operatívna kontrola. Interný audit. Kontrola manažmentu. 
610 2 0 |a normy ISO 
610 2 0 |a normy kvality 
610 2 0 |a zmeny klimatické 
610 2 0 |a podnik 
610 2 0 |a emisie 
610 2 0 |a manažment environmentálny 
100 1 |a Gelber, Mattthias